000
00287nam a22001217a 4500
082
_a
621.815 HAS'T
100
_a
HASHMI, A
_9
3781
245
_a
A TEXT BOOK OF MACHINE DESIGN
260
_a
LAHORE
_b
NATIONAL BOOK STALL
300
_a
500P
650
_a
MACHINE DESIGN
_9
18984
942
_c
BK
999
_c
576321
_d
576321